| 000 | 00469nam a2200205Ia 4500 | ||
|---|---|---|---|
| 008 | 210210b1943 xxu||||| |||| 00| 0 eng d | ||
| 041 | _aeng | ||
| 082 | _a826/126 | ||
| 100 | _aMILES | ||
| 245 | _aLiterature and life in england | ||
| 260 |
_aChicago _bScott, Foresman & Co _c1943 |
||
| 650 | _aLiterature | ||
| 650 | _alife | ||
| 650 | _ain | ||
| 650 | _aengland | ||
| 650 | _aand | ||
| 690 | _aHistory of Literature | ||
| 700 | _aPOOLEY | ||
| 906 | _a015674 | ||
| 999 |
_c135065 _d135065 |
||